Coração maltrapilho / (Record no. 480)

MARC details
000 -LÍDER
campo de controle de tamanho fixo 01670nam a22003377a 4500
001 - NÚMERO DE CONTROLE
campo de controle 480
003 - IDENTIFICADOR DO NÚMERO DE CONTROLE
campo de controle OSt
005 - DATA E HORÁRIO DA ÚLTIMA TRANSAÇÃO
campo de controle 20250902153116.0
008 - CAMPO DE DADOS FIXOS--INFORMAÇÃO GERAL
campo de controle de tamanho fixo 250902b |||||||| |||| 00| 0 eng d
020 ## - ISBN - INTERNATIONAL STANDARD BOOK NUMBER
ISBN - International Standard Book Number 8532205267
040 ## - FONTE DA CATALOGAÇÃO
Idioma da catalogação por
041 ## - CÓDIGO DE IDIOMA
Código do idioma do original e/ou traduções intermediárias do texto por
082 04 - CDD - CLASSIFICAÇÃO DECIMAL DE DEWEY
Número de Classificação 028.5
Número do exemplar A329c
100 1# - ENTRADA PRINCIPAL--NOME PESSOAL
Nome pessoal Azevedo, Ricardo,
Datas associadas ao nome 1949-
9 (RLIN) 1030
245 10 - TÍTULO
Título Coração maltrapilho /
Indicação de responsabilidade, etc. Ricardo Azevedo ; ilustrações Rogerio Borges. -
260 ## - PUBLICAÇÃO, DISTRIBUIÇÃO, ETC.
Local de publicação, distribuição, etc. São Paulo :
Nome do editor, distribuidor, etc. FTD,
Data da publicação, distribuição, etc. 1992.
300 ## - DESCRIÇÃO FÍSICA
Extensão 94p. :
Outros detalhes físicos il. ;
490 ## - TÍTULO DA SÉRIE
Título da série Canto jovem
520 ## - NOTA DE RESUMO, ETC.
Resumo, etc. Você sabia que em São Paulo existem crianças abandonadas que moram no "ventinho do metrô", na praça da Sé?<br/>Lina e seus amigos-jovens como você-sabiam da existência dessas crianças. Lina, porém, não imaginava que iria conhecê-las tão de perto. Também não imaginava que um dia teria de fugir de seu Otto, um de seus vizinhos, que , no seu ódio contra o subdesenvolvimento brasileiro, pregava o extermínio dos pobres, a começar pelas crianças.<br/>Lina e seus amigos, sempre tão envolvidos com as fantásticas histórias de Marinheiro-o mendigo que lutara contra a estátua de Borba Gato-, nem sequer sonhava com a existência de um estranho morador ba torre da igreja. Essas e outras histórias acontecem em pleno centro de São Paulo, na praça Roosevelt.
650 #0 - ASSUNTO--TERMO TÓPICO
Cabeçalho tópico ou nome geográfico Literatura Brasileira
9 (RLIN) 205
650 ## - ASSUNTO--TERMO TÓPICO
Cabeçalho tópico ou nome geográfico Infantojuvenil
9 (RLIN) 200
650 #0 - ASSUNTO--TERMO TÓPICO
Cabeçalho tópico ou nome geográfico Amizade e Solidariedade
9 (RLIN) 816
650 #0 - ASSUNTO--TERMO TÓPICO
Cabeçalho tópico ou nome geográfico Desigualdade social
9 (RLIN) 604
655 #0 - TERMO DE ÍNDICE--GÊNERO E FORMA
Gênero/forma/ou termo foco Romance
655 #0 - TERMO DE ÍNDICE--GÊNERO E FORMA
Gênero/forma/ou termo foco Ficção
700 1# - ENTRADA ADICIONADA - NOME PESSOAL
Nome pessoal Borges, Rogério,
Datas associadas ao nome 1951-
9 (RLIN) 1029
830 ## - ENTRADA SECUNDÁRIA DE SÉRIE--TÍTULO UNIFORME
Título uniforme Canto jovem
9 (RLIN) 1033
942 ## - ELEMENTOS DE ENTRADA ADICIONADOS (KOHA)
Fonte de classificação ou esquema de arquivamento Classificação decimal de Dewey
Ocultar no OPAC Não
Tipo de material Koha Livros
990 ## - EQUIVALÊNCIAS OU REFERÊNCIAS CRUZADAS [LOCAL, CANADÁ]
Link (vínculo) para os campos 9XX Livro
Holdings
Situação do descarte Situação das perdas Fonte de classificação ou esquema de arquivamento Status danificado Não pode ser emprestado Coleção Biblioteca de origem Biblioteca atual Localização na estante Data de aquisição Fonte de aquisição Total de empréstimos Número de chamada completo Código de barras Data de último acesso Data do preço efetivo Tipo de material Koha
    Classificação decimal de Dewey     Ficção Biblioteca Professor Eduardo Afonso de Castro Biblioteca Professor Eduardo Afonso de Castro Infanto Juvenil 02.09.2025 doação   IJ - 028.5 / A329c 2025-17413 02.09.2025 02.09.2025 Livros

Powered by Koha